| 000 | 01466nam a22004333a 4500 | ||
|---|---|---|---|
| 001 | 20697 | ||
| 003 | VRT | ||
| 005 | 20260130104527.0 | ||
| 008 | 230421s1980 xo g 000 1 slo d | ||
| 035 | _aa000724602 | ||
| 039 | 9 |
_a202509261039 _bAUTHORITY _c202504081238 _dfuskovaz _c202304261317 _dizakovicm _c202304211321 _dfuskovaz |
|
| 040 |
_aUKB _bslo _cUKB _eAACR2 |
||
| 041 | 1 |
_aslo _heng |
|
| 044 |
_axo _cSK |
||
| 072 | 7 |
_a821.111-3 _xAnglická próza, anglicky písaná _2konspekt |
|
| 080 |
_a821.111-31 _22011 |
||
| 080 |
_a(0:82-312.4) _22011 |
||
| 080 |
_a(081) _22011 |
||
| 100 | 1 |
_aCraig, David _4aut |
|
| 245 | 1 | 0 |
_aSkrýša ; Viera, nádej a smrť ; Dvojťah _cDavid Craig ; z angl. orig. prel. Adriana Oravcová a Gabriela Hanáková |
| 260 |
_aBratislava _bSlovenský spisovateľ _c1980 |
||
| 300 | _a474 s. | ||
| 490 | 1 | _aZelená knižnica | |
| 500 | _aDokument obsahuje 3 diela | ||
| 530 | _aDostupný aj zvukový záznam | ||
| 655 | 7 |
_aanglické romány _2UKBPH |
|
| 655 | 7 |
_adetektívne romány _2UKBPH |
|
| 700 | 1 |
_aOravcová, Adriana, _d1952- _4trl |
|
| 700 | 1 |
_aHanáková, Gabriela, _d1927-2008 _4trl |
|
| 740 | 0 | 2 | _aViera, nádej a smrť |
| 740 | 0 | 2 | _aDvojťah |
| 776 | 0 |
_tSkrýša _i[zvukový záznam] |
|
| 776 | 0 |
_tViera, nádej a smrť _i[zvukový záznam] |
|
| 830 | 0 | _aZelená knižnica | |
| 910 | _aukb | ||
| 942 |
_2ddc _cKLDO _n0 |
||
| 949 |
_61260810 _a24.D.73274 _bPV.7893-80 |
||
| 949 |
_61260812 _aS.D.70461 _bPV.7894-80 |
||
| 999 |
_c20697 _d20697 |
||